000 01631cam0 2200373 ib4500
001 BY-MI0000-br2147975167
005 20251223113153.0
010 ^a978-5-08-007383-0
^bв переплете
035 ^a(BY-MI0000)BY-MI0000-br2147975167
100 ^a20251208d2024 de y0rusy50 ca
101 0 ^arus
102 ^aRU
105 ^aa z 000ay
109 ^ama
200 1 ^aА я останусь!
^eповесть
^e[для среднего и старшего школьного возраста]
^fНаталия Ермакова, Сергей Штильман
^gиллюстрации Н. Курбановой
210 ^aМосква
^cДетская литература
^d2024
215 ^a245 с.
^cил.
^d22 см
225 1 ^aСерия "Лауреаты международного конкурса имени Сергея Михалкова"
333 ^a12+
345 ^93000 экз.
606 ^aПОВЕСТИ
^3BY-NLB-ar2735501
^2DVNLB
606 ^aРУССКАЯ ЛИТЕРАТУРА
^3BY-NLB-ar28702
^2DVNLB
606 ^aХУДОЖЕСТВЕННАЯ ЛИТЕРАТУРА
^3BY-NLB-ar37179
^2DVNLB
608 ^aДЕТСКАЯ И ЮНОШЕСКАЯ ЛИТЕРАТУРА (художеств. произведение)
^3BY-NLB-ar9019
^2BYGNR
686 ^a84(2Рос)6-4
^2rubbk
690 ^a1
^2Base
^9BY-MI0000
^xRSEK
700 1 ^aЕрмакова
^bН. В.
701 1 ^aШтильман
^bС.
702 1 ^aКурбанова
^bН.
^4440
801 0 ^aBY
^bBY-MI0000
^c20251208
^gRCR
899 0 ^aBY-MI0000
^iЕ72
^h84(2Рос)6